Pushyamitra. (Record no. 73089)

MARC details
000 -LEADER
fixed length control field 00610cam a22002291 4500
001 - CONTROL NUMBER
control field sa 67002171
003 - CONTROL NUMBER IDENTIFIER
control field DLC
005 - DATE AND TIME OF LATEST TRANSACTION
control field 20260227112329.0
008 - FIXED-LENGTH DATA ELEMENTS--GENERAL INFORMATION
fixed length control field 890925s1963 ii 000 1 hino
010 ## - LIBRARY OF CONGRESS CONTROL NUMBER
LC control number sa 67002171
035 ## - SYSTEM CONTROL NUMBER
System control number (OCoLC)20388238
040 ## - CATALOGING SOURCE
Original cataloging agency DLC
Transcribing agency WaU
Modifying agency DLC
042 ## - AUTHENTICATION CODE
Authentication code premarc
050 00 - LIBRARY OF CONGRESS CALL NUMBER
Classification number PK2098.M537
Item number P8
100 1# - MAIN ENTRY--PERSONAL NAME
Personal name Misra, Shyam Behari,
Dates associated with a name 1865-
245 10 - TITLE STATEMENT
Title Pushyamitra.
260 ## - PUBLICATION, DISTRIBUTION, ETC.
Date of publication, distribution, etc. [1963/64]
300 ## - PHYSICAL DESCRIPTION
Extent 334 p.
Dimensions 19 cm.
500 ## - GENERAL NOTE
General note In Hindi.
600 00 - SUBJECT ADDED ENTRY--PERSONAL NAME
Personal name Pushyamitra,
Titles and other words associated with a name King of Magadha,
Dates associated with a name active 184 B.C.-148 B.C.
Form subdivision Fiction.
700 1# - ADDED ENTRY--PERSONAL NAME
Personal name Misra, Sukhdeo Behari,
Dates associated with a name 1879-

No items available.

Powered by Koha